000 00954 a2200241 4500
001 47471
005 20260407155741.0
008 260407a1975 arg spa d
003 AR-UNSa-BCEJYS
040 _aAR-UNSa-BCEJYS
_bspa
_cAR-UNSa-BCEJYS
080 _a330.101.541
_xMacroeconomía
245 1 0 _aAplicación de la teoría macroeconómica
020 _a84-323-0167-1
264 1 _aMéxico :
_bSiglo Veintiuno editores
_c1975
300 _a204 p.
_c21 cm.
505 _a1. Análisis input-output - 2. Ampliación del análisis input-output - 3. Correlación y regresión - 4. Funciones de producción y optimización - 5. Planes nacionales - 6. Elaboración de planes nacionales por programación.
041 _aspa
942 _cBK
590 _aniveau_biblio:m niveau_hierar:0
100 1 _aBueno, Juan
700 1 _aRobinson, J.N.
856 4 1 _uhttps://www.biblioeco.unsa.edu.ar/pmb/images/libros/L127511.jpg
_yImagen de portada
_qimage/jpeg
999 _c4368
_d4368